Kvalitatívne a ekonomické hodnotenie tepelného delenia ocelí : Bakalárska práca

Gespeichert in:
Bibliographische Detailangaben
1. Verfasser: Herdová, Zuzana (Verfasst von)
Weitere Verfasser: Turňa, Milan (xxx)
Format: Manuskript Buch
Sprache:Slowakisch
Veröffentlicht: Trnava : STU v Bratislave MtF KZv, 2005
Schlagworte:
Tags: Tag hinzufügen
Keine Tags, Fügen Sie das erste Tag hinzu!

MARC

LEADER 00000ntm a22000003a 4500
001 stu95713
005 20160719155301.9
008 050928s2005----xo------------------slo-d
040 |a STU  |b slo 
041 0 |a slo 
044 |a xo 
100 1 |a Herdová, Zuzana  |4 aut 
245 1 |a Kvalitatívne a ekonomické hodnotenie tepelného delenia ocelí :  |b Bakalárska práca 
260 |a Trnava :  |b STU v Bratislave MtF KZv,  |c 2005 
300 |a 55 s  |c 1 CD 
650 7 |a technológie strojárskej výroby  |2 stusub 
650 7 |a zváranie  |2 stusub 
650 7 |a delenie materiálov  |2 stusub 
700 1 |a Turňa, Milan  |4 xxx  |u M3000  |U MTF Materiálovotechnologická fakulta  |T MTF Ústav výrobných technológií  |U M3000  |Y 83 
996 |b 284M062716  |c M*BP-1105  |l MMSKP  |s P  |a 0  |w stu95713_0001